LEADER 01863nam a2200373 u 4500 001 000000014640 003 CaOOAMICUS 005 20070226105804.0 008 940517s1958 it h u000 u ger u 035 $a10344977 040 $aPUL$bita 100 1 $aBouwman, Gisbert,$cS.V.D.$0(OLS)http://pul/name/13566 245 14$aDes Julian von Aeclanum Kommentar zu den Propheten Osee, Joel und Amos :$bein Beitrag zur Geschichte der Exegese /$cGisbert Bouwman. 260 $aRoma :$bPontificio Istituto Biblico,$c1958. 300 $axx, 154 p., 2 c. di tav. :$bfacs. ;$c24 cm 490 1 $aAnalecta biblica ;$v9 500 $aComprende indici. 502 $aDiss. -- Pontificio Istituto Biblico (Roma) 504 $aBibliografia: p. xv-xx. 600 04$aIulianus,$cvesc. di Eclano,$dm. c. 454.$0(OLS)http://pul/subject/8812 630 04$aBiblia.$pV.T.$pAmos$xCommenti.$0(OLS)http://pul/subject/10220 630 04$aBiblia.$pV.T.$pProphetae minores$xCritica e interpretazione.$0(OLS)http://pul/subject/10221 630 04$aBiblia.$pV.T.$pIoel$xCommenti.$0(OLS)http://pul/subject/10222 630 04$aBiblia.$pV.T.$pOsea$xCommenti.$0(OLS)http://pul/subject/10223 710 2 $aPontificio istituto biblico.$0(OLS)http://pul/name/471 830 0$aAnalecta biblica ;$v9.$0(OLS)http://pul/title/100 850 $aPUL 852 $aPUL$W1$xSL Religione 1$y3$m10(4) A 9$j20548$nBK-PRI$b $qStampati$B20548$CPULBib$Z2$F20548 $H $81 910 $aPontificium institutm biblicum$9471 941 1 $a8 960 $aGiuliano,$cvesc. di Eclano,$dm. ca. 454$98812 961 $aINV: 19932 996 $6245$aDes Julian von Aeclanum Kommentar zu den Propheten Osee, Joel und Amos :$bein Beitrag zur Geschichte der Exegese$9(OLS)http://pul/title/21029 996 $6260$aRoma :$bPontificio Istituto Biblico$9(OLS)http://pul/publisher/49008 LEADER 01293nam a2200325 a 4500 001 000000122422 003 CaOOAMICUS 005 20120214112107.0 008 100707t2010 it u000 u ita r 020 $a978-88-15-13776-0 040 $aPUL$bita$dReb 082 04$a241.5 100 1 $aCacciari, Massimo,$d1944-$0(OLS)http://pul/name/31076 245 10$aIo sono il Signore Dio tuo /$cMassimo Cacciari, Piero Coda. 260 $aBologna :$bIl Mulino,$cİ2010. 300 $a161 p.$c18 cm 490 1 $aI Comandamenti 490 1 $aVoci 650 4$aTeologia dogmatica.$0(OLS)http://pul/subject/663 650 4$aDio.$0(OLS)http://pul/subject/3878 700 1 $aCoda, Piero,$csacerdote,$d1955-$0(OLS)http://pul/name/12631 830 2$aI Comandamenti.$0(OLS)http://pul/title/154185 830 0$aVoci.$0(OLS)http://pul/title/142843 850 $aPUL 852 $aPUL$W1$xSL Religione 3$y85$m241. 5 COLL 1.1$j147664$qDDC 21$B139697$CPULBib$Z2$F139697 $H114111 $82 941 1 $a9 996 $6020$a978-88-15-13776-0$9(OLS)http://pul/number/144792 996 $6082$a241.5$9(OLS)http://pul/classification/632 996 $6245$aIo sono il Signore Dio tuo$9(OLS)http://pul/title/154184 996 $6260$aBologna :$bIl Mulino$9(OLS)http://pul/publisher/47928